000
00246nam a22001097a 4500
082
_a
621.9 HUN
100
_a
HUNT DE WITT
_9
59268
245
_a
SHOP TOOL CARE AND REPAIR
260
_a
LONDON
_b
D VAN NOSTRAND
_c
1958
300
_a
252P
942
_c
BK
999
_c
569285
_d
569285